000 00627nam a2200181Ia 4500
008 090124s9999 xx 000 0 und d
082 _b14108
100 _aपेण्ढारकर भाल. जी.
245 _a अजिंक्य तारा
250 _a0
260 _bप्रभाकर प्रकाशन कोल्हापूर
_c1942
300 _a72
600 _aपेण्ढारकर भाल. जी.
630 _a अजिंक्य तारा
700 _aपेण्ढारकर भाल. जी.
730 _a अजिंक्य तारा
942 _cBOOK
999 _c87848
_d87848